00420nam a2200133Ia 4500008004100000020001400041040004400055100001900099245008300118260004100201300001000242500001900252999001500271180412s9999||||xx |||||||||||||| ||und|| a851987435 aAhmadu Bello University Library - Zaria aHamilton, C.J. 0aPest Management: A Directory of Information Sourcesccompiled by C.J. Hamilton aWallingfordbCAB Internationalc1995 a290p. aIncludes index c3641d3641